Từ điển tiếng việt

Na minha lista:
Detalhes bibliográficos
Autor principal: Bùi Thị Tuyết Khanh
Formato: Livro
Idioma:Undetermined
Publicado em: Tp.Hồ Chí Minh Thống Kê 2004
Assuntos:
Tags: Adicionar Tag
Sem tags, seja o primeiro a adicionar uma tag!
Thư viện lưu trữ: Trung tâm Học liệu Trường Đại học Cần Thơ
LEADER 00577nam a2200193Ia 4500
001 CTU_90804
008 210402s9999 xx 000 0 und d
082 |a 495.9223 
082 |b Kh107 
100 |a Bùi Thị Tuyết Khanh 
245 0 |a Từ điển tiếng việt 
245 0 |c Bùi Thị Tuyết Khanh, Thanh Lam, Ngọc Hạnh 
260 |a Tp.Hồ Chí Minh 
260 |b Thống Kê 
260 |c 2004 
650 |a vietnamese language 
650 |x dictionaries 
904 |i Tuyến 
980 |a Trung tâm Học liệu Trường Đại học Cần Thơ